01856nam a22001817a 4500999001700000020001800017082002300035100001800058245004500076260005900121300001000180520128400190650001001474650002201484700002601506942001201532952013001544 c27504d27504 a9788194815853 a294.5921046bAGR-A aAgrawal, P.K. aArt of war in the Vedas /cP.K. Agrawal. aNew Delhi :bMotilal Banarasidass Publications,c2020. a144p. aThe book “Art of War in the Vedas” is perhaps the first exposition of general principles of war contained in the Vedas. The Vedas proclaim the establishment of peaceful and prosperous world for the people in general and for the people of the country in particular. The four Vedas of India have vast reserve of knowledge relating to all subjects touching concern of all. Therefore, it was an uphill task to extract mandates of the Veda regarding war or battle. Ten battles as case studies have been given to simplify the implications of verses of the Vedas regarding war. It is hoped that the book will be welcome by all specially the army personnel around the World. Dr. P.K. Agrawal is a renowned author of Hindi and English. He has more than Sixty Five Books to his credit including Twenty in English. Dr. Agrawal is widely acclaimed and honoured for his creative writing in Hindi. He has five epoch making works on Indology i.e. Bhagwadgita : Natyaroop, Ramcharitmanas : Natyaroop, etc. After retirement from the highest post in the Indian Administrative Science, Dr. Agrawal worked as an Advocate for more than Ten Years. At present Dr. Agrawal is the Managing Partner of VAS Global, a New Delhi based law firm and is practicing in Delhi High Court and the Supreme Court. aVedas aWar in literature aAgrawal, P.K.eauthor 2ddccBK 00104070aNASSDOCbNASSDOCd2022-03-14e7g164.25l0o294.5921046 AGR-Ap52136r2022-03-14 00:00:00v225.00w2022-03-14yBK